000 00770nam a2200265Ia 4500
001 Para_4148
003 CHAP
008 220125s1945 xx 000 0 und d
010 _a202708
040 _cCHAP
090 _aPA FOLLETO 1782
245 _aInspection of agricultural seeds /
_c F. W. Quackenbush [et.al.]
260 _a[West Lafayette], Indiana :
_b Agricultural Experiment Station
300 _a147 p.
440 _aIndiana Agri. Exp. Sta. Circular; 308
_9168039
650 _aSemillas
_x Legislación .
_9103908
700 _aQuackenbush, F. W
_993117
901 _aPA FOLLETO 1782
902 _aA
905 _a0000001945 [WE 0000000000 00
910 _a1945
942 _cPARA
942 _cPARA
_d1
999 _c202708
_d202708